Normal view
MARC view
Entry Topical Term
001 - CONTROL NUMBER
- control field: 24680
003 - CONTROL NUMBER IDENTIFIER
- control field: ARRUPE
005 - DATE AND TIME OF LATEST TRANSACTION
- control field: 20160810102510.0
008 - FIXED-LENGTH DATA ELEMENTS
- fixed length control field: 160810|| aca||aabn | a|a d
040 ## - CATALOGING SOURCE
- Original cataloging agency: ARRUPE
- Transcribing agency: ARRUPE
150 ## - HEADING--TOPICAL TERM
- Topical term or geographic name as entry element: Second Advent.
670 ## - SOURCE DATA FOUND
- Source citation: Work cat.: (ARRUPE)0: Robinson, John A. T. (John Arthur Thomas), 1919-1983. 24679, Jesus and His coming :, 1957.